[Event "World School-ch U15"]
[Site "Sochi"]
[Date "2016.12.08"]
[Round "5"]
[White "Dolgonosov, Konstantin"]
[Black "Khangal, Khosbayar"]
[Result "0-1"]
[WhiteElo "1684"]
[BlackElo "1499"]
[PlyCount "64"]
[EventDate "2016.12.03"]
[EventType "swiss"]
[EventRounds "9"]
[EventCountry "RUS"]
[SourceTitle "EXT 2018"]
[Source "ChessBase"]
[SourceDate "2017.10.13"]
[SourceVersion "1"]
[SourceVersionDate "2017.10.13"]
[SourceQuality "1"]

1. d4 Nf6 2. Bg5 g6 3. e3 Bg7 4. Bd3 0-0 5. f4 d6 6. Nf3 Nbd7 7. Nbd2 Re8 8. 0-0 e5 9. fxe5 dxe5 10. dxe5 Nxe5 11. Nxe5 Rxe5 12. Nf3 Re8 13. Qe1 c6 14. Qh4 Qd6 15. Bxf6 Bxf6 16. Ng5 Bxg5 17. Qxg5 Be6 18. Rf4 Qd5 19. Qh4 Qe5 20. Qf2 Qxb2 21. Rf1 Qxa2 22. Qh4 Qb2 23. Rf6 a5 24. Bc4 Rf8 25. Bd3 a4 26. Qh6 a3 27. h4 a2 28. h5 Qxf6 29. hxg6 Qxf1+ 30. Kxf1 a1Q+ 31. Ke2 fxg6 32. Bxg6 Qf1+ 0-1